| 000 | 00000nam##2200000za#4500 |
| 001 | 9.691101 |
| 003 | CaOODSP |
| 005 | 20210929082800 |
| 007 | cr ||||||||||| |
| 008 | 150407|2006||||xxc|||||o f|0| 0 eng|d |
| 020 | |a978-1-100-11690-7 |
| 040 | |aCaOODSP|beng |
| 043 | |an-cn--- |
| 086 | 1 |aFo124-6/2006E-PDF |
| 110 | 1 |aCanada. |bNatural Resources Canada. |bCanadian Forest Service. |
| 245 | 12|aA visual guide to detecting emerald ash borer damage / |h[electronic resource]|cprepared by Peter de Groot ... [et al.] |
| 260 | |aSault Ste. Marie - Ontario : |bNatural Resources Canada. |cc2006. |
| 300 | |a20p.|bphotographs |
| 500 | |aThe ISBN (0-662-43152-9) and Cat. No. (Fo124-6/2006E) of the print edition have been incorrectly copied in the PDF edition. |
| 520 | 3 |aWill help people interested in tree care to detect trees that have been attacked and damaged by the emerald ash borer. |
| 590 | |a08-22|b2008-05-30 |
| 720 | 1 |ade Groot, Peter |
| 775 | 08|tGuide visuel pour la détection des dommages causés par l'agrile du frêne / |w(CaOODSP)9.635436 |
| 776 | 0#|tA visual guide to detecting emerald ash borer damage / |w(CaOODSP)9.650159 |
| 856 | 40|ahttp://publications.gc.ca|qPDF|s1222 KB|uhttps://publications.gc.ca/collections/collection_2008/nrcan/Fo124-6-2006E.pdf |